Geography by Picture - Z - Statistics

General Stats
  • This quiz has been taken 76 times
  • The average score is 7 of 10
Answer Stats
Picture Hint Answer % Correct
country Zambia
100%
city Zurich
99%
country Zimbabwe
96%
language Zulu
87%
city Zagreb
76%
what the above used to be called Zaire
73%
river Zambezi
70%
island Zanzibar
56%
island Zealand
44%
city Zhengzhou
15%
No matching quizzes found
Score Distribution
Percent of People with Each Score
Percentile by Number Answered
Your Score History
You have not taken this quiz